000 01161na a2200349 4500
999 _c392
_d392
001 19665
003 MIRAKIL
005 20200302173836.0
008 170204b tu 000 0
035 _a19665
040 _aTR-AnCHP
_btur
_cTR-AnCHP
041 _atur
082 _aCHP 362.172
_bA54 2002
090 _aBROŞÜR 83
222 _aAile hekimliği raporları
245 _aAile hekimliği raporu /
_cCumhuriyet Halk Partisi.
246 _aCHP aile hekimliği raporu
260 _aAnkara:
_bCHP,
_c2006.
300 _a54 s.:
_bfotg.,
_c24 sm.
440 _aCumhuriyet Halk Partisi yayınları
_pRaporlar
610 _aCHP
_bDüzce Aile Hekimliği Pilot Bölge Uygulamasını İnceleme Komisyonu
_xSağlık hizmetleri
_yRaporlar
610 _aCHP
_xAile hekimliği
_yRaporlar
_zDüzce
610 _aCHP
_xAile sağlığı
_yRaporlar
710 _aCumhuriyet Halk Partisi
740 _aAile hekimliği raporu
740 _aCHP aile hekimliği raporu
830 _aCHP raporları
856 _zDijital Nüshası için Partimizin Kütüphane Sorumlusu ile iletişime geçiniz.
942 _2ddc
_cVIS
999 _d392